[Event "Balkan Youth Online-ch 2020"]
[Site "Online"]
[Date "2020.10.31"]
[Round "6.3"]
[White "Sava, Robert-Gabriel"]
[Black "Ivanov, Andrey A."]
[Result "0-1"]
[WhiteElo "1716"]
[BlackElo "2180"]
[Annotator "TA"]
[PlyCount "58"]
[EventDate "2020.10.31"]
[EventType "swiss"]
[SourceTitle "playchess.com"]
[Source "ChessBase"]
[SourceQuality "1"]

{[%evp 9,57,42,40,10,4,20,17,0,40,-7,-2,-116,-120,-172,-184,-216,-204,-200,-208,-256,-221,-248,-237,-257,-254,-272,-278,-457,-445,-579,-560,-640,-597,-680,-683,-1305,-1252,-1319,-1289,-1539,-1524,-1619,-1584,-2629,-2512,-29982,-29983,-29993,-29994,-29999]} 1. e4 c5 2. Nf3 e6 3. c3 a6 4. d4 Nf6 5. Bd3 Nc6 6. Bg5 {[#] B28: Sicilian: 2 Nf3 a6 (O'Kelly Variation).} cxd4 $146 ({Predecessor:} 6... h6 7. Bxf6 Qxf6 8. e5 Qd8 9. O-O Qc7 10. Nbd2 d6 11. Re1 dxe5 12. dxe5 Be7 {0-1 (25) Sid Ahmed,E (1682)-Mohamed,B (1566) Nouadhibou 2014}) 7. cxd4 h6 8. Bh4 {The position is equal.} Qb6 9. Bxf6 gxf6 10. d5 (10. O-O $11 {keeps the balance.}) 10... Qxb2 $17 11. Nbd2 (11. dxc6 $17 Qxa1 12. Qb3) 11... Nb4 $1 $36 {[%csl LRa2,LRd3,LRd5][%cal Bc6b4,Bb4a2,Ba2c3][%mdl 2080] Keeping White busy.} 12. Ke2 Nxa2 13. Kf1 {Nc4 is the strong threat.} b5 14. g3 Bb7 15. Kg2 Nc3 ({Less strong is} 15... exd5 16. Rb1 $17) 16. Qe1 Bg7 17. Qe3 {White wants to play Qb6.} O-O 18. Qd4 $2 (18. Rhe1 {was called for.}) 18... f5 19. e5 {and if Rhb1! works, White does fine.} f6 {Hoping for ...fxe5.} 20. dxe6 dxe6 {White must now prevent ...Qxd2.} 21. Qb6 Qxd2 22. Qxe6+ Rf7 23. Bxf5 {[#]} Qe2 $1 {[%mdl 64] Double Attack} 24. Bg4 fxe5 25. Rhe1 Bxf3+ 26. Kg1 Bxg4 27. Qb6 Qc2 {Black mates.} 28. Rac1 Ne2+ {[%mdl 64] [#] Double Attack} 29. Kf1 Bh3# {Black took control after the opening. Av CentiPawn Loss W=-94/B=-13. Weighted=-97/-11} 0-1

[Event "Balkan Youth Online-ch 2020"]
[Site "Online"]
[Date "2020.10.31"]
[Round "6.5"]
[White "Palaiologou, Apostolos"]
[Black "Domurcak, Doruk"]
[Result "0-1"]
[WhiteElo "1410"]
[BlackElo "1244"]
[Annotator "NA RC"]
[PlyCount "30"]
[EventDate "2020.10.31"]
[EventType "swiss"]
[SourceTitle "playchess.com"]
[Source "ChessBase"]
[SourceQuality "1"]
[TimeControl "1500+5"]

1. e4 {[%emt 0:00:00]} e5 {[%emt 0:00:00]} 2. Nf3 {[%emt 0:00:00]} Nc6 {[%emt 0:00:00]} 3. d4 {[%emt 0:00:00]} exd4 {[%emt 0:00:00]} 4. Bc4 {[%emt 0:00:00]} Nf6 {[%emt 0:00:00]} 5. e5 {[%emt 0:00:00]} d5 {[%emt 0:00:00]} 6. Bb5 {[%emt 0:00:00]} Ne4 {[%emt 0:00:00]} 7. Bxc6+ {[%emt 0:00:10]} bxc6 {[%emt 0:00:00]} 8. Nxd4 {[%emt 0:00:00]} Bc5 {[%emt 0:00:00]} 9. Be3 {[%emt 0:00:02]} Bd7 {[%emt 0:00:00]} 10. Nxc6 {[%emt 0:00:32]} Bxc6 {[%emt 0:00:18]} 11. Bxc5 {[%emt 0:00:00]} Nxc5 {[%emt 0:00:06]} 12. Qd4 {[%emt 0:00:10]} Ne6 {[%emt 0:00:09]} 13. Qg4 {[%emt 0:00:07]} Qg5 {[%emt 0:01:00]} 14. Qe2 {[%emt 0:00:09]} Nd4 {[%emt 0:01:23]} 15. Qd3 {[%emt 0:00:18]} Qc1+ {[%emt 0:00:09]} 0-1

[Event "Balkan Youth Online-ch 2020"]
[Site "Online"]
[Date "2020.10.31"]
[Round "6.6"]
[White "Smirnov, Maksim"]
[Black "Kovacec, Tilen"]
[Result "1/2-1/2"]
[WhiteElo "1139"]
[BlackElo "1183"]
[Annotator "NA RC"]
[PlyCount "115"]
[EventDate "2020.10.31"]
[EventType "swiss"]
[SourceTitle "playchess.com"]
[Source "ChessBase"]
[SourceQuality "1"]
[TimeControl "1500+5"]

1. d4 {[%emt 0:00:00]} Nf6 {[%emt 0:00:01]} 2. Bf4 {[%emt 0:00:00]} g6 {[%emt 0:00:04]} 3. e3 {[%emt 0:00:00]} Bg7 {[%emt 0:00:08]} 4. Nf3 {[%emt 0:00:00]} O-O {[%emt 0:00:01]} 5. c3 {[%emt 0:00:00]} d5 {[%emt 0:00:37]} 6. Be2 {[%emt 0:00:00]} c5 {[%emt 0:00:17]} 7. O-O {[%emt 0:00:00]} cxd4 {[%emt 0:00:02]} 8. exd4 {[%emt 0:00:00]} Nc6 {[%emt 0:00:01]} 9. Bd3 {[%emt 0:00:00]} Bd7 {[%emt 0:00:49]} 10. Nbd2 {[%emt 0:00:18]} Rc8 {[%emt 0:00:17]} 11. Re1 {[%emt 0:00:00]} a6 {[%emt 0:02:22]} 12. Ne5 {[%emt 0:00:00]} Nxe5 {[%emt 0:00:56]} 13. Bxe5 {[%emt 0:00:13]} Ne8 {[%emt 0:00:46]} 14. Bxg7 {[%emt 0:00:00]} Kxg7 {[%emt 0:00:02]} 15. Nf3 {[%emt 0:00:00]} Bg4 {[%emt 0:00:33]} 16. h3 {[%emt 0:00:00]} Bxf3 {[%emt 0:00:11]} 17. Qxf3 {[%emt 0:00:00]} Nf6 {[%emt 0:00:00]} 18. Qe3 {[%emt 0:00:00]} e6 {[%emt 0:00:00]} 19. Qe5 {[%emt 0:00:00]} Qc7 {[%emt 0:00:09]} 20. Qe3 {[%emt 0:00:00]} Nd7 {[%emt 0:00:31]} 21. Rac1 {[%emt 0:00:00]} Qb6 {[%emt 0:00:06]} 22. Rb1 {[%emt 0:00:04]} Rc6 {[%emt 0:00:06]} 23. Qg5 {[%emt 0:00:07]} Qd8 {[%emt 0:00:08]} 24. Qf4 {[%emt 0:00:01]} Qf6 {[%emt 0:00:09]} 25. Qg3 {[%emt 0:00:06]} Rfc8 {[%emt 0:00:08]} 26. Qg4 {[%emt 0:01:21]} b5 {[%emt 0:00:17]} 27. a3 {[%emt 0:00:03]} Nb6 {[%emt 0:00:30]} 28. Qg3 {[%emt 0:00:00]} Nc4 {[%emt 0:00:09]} 29. Bxc4 {[%emt 0:00:13]} Rxc4 {[%emt 0:00:11]} 30. Qd6 {[%emt 0:00:00]} R4c6 {[%emt 0:00:04]} 31. Qg3 {[%emt 0:00:00]} Qe7 {[%emt 0:00:02]} 32. Qe5+ {[%emt 0:00:00]} Qf6 {[%emt 0:00:00]} 33. Qg3 {[%emt 0:00:00]} a5 {[%emt 0:00:16]} 34. Qd3 {[%emt 0:00:19]} Rb8 {[%emt 0:00:42]} 35. Rec1 {[%emt 0:00:08]} b4 {[%emt 0:00:10]} 36. cxb4 {[%emt 0:00:00]} Rxc1+ {[%emt 0:00:00]} 37. Rxc1 {[%emt 0:00:00]} axb4 {[%emt 0:00:00]} 38. axb4 {[%emt 0:00:00]} Rxb4 {[%emt 0:00:00]} 39. Qa3 {[%emt 0:00:00]} Qxd4 {[%emt 0:00:00]} 40. b3 {[%emt 0:00:06]} Qb6 {[%emt 0:00:24]} 41. Rb1 {[%emt 0:00:05]} e5 {[%emt 0:00:24]} 42. Qb2 {[%emt 0:00:00]} d4 {[%emt 0:00:02]} 43. Qe2 {[%emt 0:00:03]} Qb5 {[%emt 0:00:08]} 44. Qe4 {[%emt 0:00:03]} d3 {[%emt 0:00:25]} 45. Qe1 {[%emt 0:00:01]} e4 {[%emt 0:00:13]} 46. Qc3+ {[%emt 0:00:00]} Kf8 {[%emt 0:00:32]} 47. Qc8+ {[%emt 0:00:09]} Ke7 {[%emt 0:00:00]} 48. Qc7+ {[%emt 0:00:00]} Qd7 {[%emt 0:00:00]} 49. Qc5+ {[%emt 0:00:00]} Qd6 {[%emt 0:00:00]} 50. Qg5+ {[%emt 0:00:00]} f6 {[%emt 0:00:04]} 51. Qh6 {[%emt 0:00:03]} d2 {[%emt 0:00:09]} 52. Qxh7+ {[%emt 0:00:00]} Ke6 {[%emt 0:00:00]} 53. Qg8+ {[%emt 0:00:00]} Kf5 {[%emt 0:00:07]} 54. Rd1 {[%emt 0:00:02]} Rd4 {[%emt 0:00:43]} 55. g4+ {[%emt 0:00:04]} Kg5 {[%emt 0:00:24]} 56. h4+ {[%emt 0:00:28]} Kxg4 {[%emt 0:00:37]} 57. Qxg6+ {[%emt 0:00:00]} Kxh4 {[%emt 0:00:15]} 58. Kg2 {[%emt 0:00:00]} 1/2-1/2

[Event "Balkan Youth Online-ch 2020"]
[Site "Online"]
[Date "2020.10.31"]
[Round "6.7"]
[White "Alimema, Alvin"]
[Black "Stefanoski, Daniel"]
[Result "0-1"]
[WhiteElo "1110"]
[BlackElo "1129"]
[Annotator "NA RC"]
[PlyCount "102"]
[EventDate "2020.10.31"]
[EventType "swiss"]
[SourceTitle "playchess.com"]
[Source "ChessBase"]
[SourceQuality "1"]
[TimeControl "1500+5"]

1. e4 {[%emt 0:00:00]} e5 {[%emt 0:00:00]} 2. Nf3 {[%emt 0:00:00]} Nc6 {[%emt 0:00:00]} 3. Bc4 {[%emt 0:00:00]} Bc5 {[%emt 0:00:00]} 4. d3 {[%emt 0:00:00]} Nf6 {[%emt 0:00:00]} 5. Nc3 {[%emt 0:00:00]} h6 {[%emt 0:00:00]} 6. Be3 {[%emt 0:00:00]} d6 {[%emt 0:00:00]} 7. h3 {[%emt 0:00:00]} Bb6 {[%emt 0:00:04]} 8. Qd2 {[%emt 0:00:02]} O-O {[%emt 0:00:00]} 9. g4 {[%emt 0:00:03]} Nd4 {[%emt 0:00:58]} 10. Nh4 {[%emt 0:02:49]} Nxe4 {[%emt 0:00:42]} 11. Nxe4 {[%emt 0:01:09]} Qxh4 {[%emt 0:00:07]} 12. Bxd4 {[%emt 0:00:10]} Bxd4 {[%emt 0:00:09]} 13. c3 {[%emt 0:00:05]} Bb6 {[%emt 0:00:04]} 14. Ng3 {[%emt 0:00:03]} Bd7 {[%emt 0:01:07]} 15. O-O-O {[%emt 0:01:55]} Bc6 {[%emt 0:00:26]} 16. Rhg1 {[%emt 0:02:22]} Bf3 {[%emt 0:01:32]} 17. Rdf1 {[%emt 0:01:08]} Qxh3 {[%emt 0:00:39]} 18. Nf5 {[%emt 0:01:15]} d5 {[%emt 0:02:00]} 19. Bxd5 {[%emt 0:00:44]} Bxd5 {[%emt 0:00:28]} 20. Ne7+ {[%emt 0:00:00]} Kh8 {[%emt 0:00:00]} 21. Nxd5 {[%emt 0:00:00]} Rad8 {[%emt 0:00:22]} 22. Rh1 {[%emt 0:02:51]} Qxh1 {[%emt 0:01:27]} 23. Rxh1 {[%emt 0:00:00]} Rxd5 {[%emt 0:00:00]} 24. g5 {[%emt 0:00:32]} h5 {[%emt 0:01:04]} 25. Rxh5+ {[%emt 0:01:35]} Kg8 {[%emt 0:00:00]} 26. Qe2 {[%emt 0:00:48]} Rfd8 {[%emt 0:00:24]} 27. Kc2 {[%emt 0:01:10]} Rxd3 {[%emt 0:01:12]} 28. Qxd3 {[%emt 0:00:00]} Rxd3 {[%emt 0:00:00]} 29. Kxd3 {[%emt 0:00:00]} Bxf2 {[%emt 0:00:00]} 30. Ke4 {[%emt 0:00:27]} Bg3 {[%emt 0:00:08]} 31. c4 {[%emt 0:02:57]} Kf8 {[%emt 0:00:28]} 32. Rh8+ {[%emt 0:00:13]} Ke7 {[%emt 0:00:00]} 33. Rc8 {[%emt 0:00:15]} Kd7 {[%emt 0:00:07]} 34. Rg8 {[%emt 0:00:25]} g6 {[%emt 0:00:49]} 35. Rf8 {[%emt 0:00:52]} Ke6 {[%emt 0:00:25]} 36. Re8+ {[%emt 0:00:28]} Kd7 {[%emt 0:00:12]} 37. Rxe5 {[%emt 0:01:23]} Bxe5 {[%emt 0:00:00]} 38. Kxe5 {[%emt 0:00:00]} Ke7 {[%emt 0:00:00]} 39. c5 {[%emt 0:00:01]} b6 {[%emt 0:00:04]} 40. b4 {[%emt 0:01:16]} bxc5 {[%emt 0:00:06]} 41. bxc5 {[%emt 0:00:00]} c6 {[%emt 0:00:00]} 42. a3 {[%emt 0:00:33]} a6 {[%emt 0:00:00]} 43. a4 {[%emt 0:00:05]} a5 {[%emt 0:00:00]} 44. Kd4 {[%emt 0:00:12]} Ke6 {[%emt 0:00:00]} 45. Ke4 {[%emt 0:00:00]} f5+ {[%emt 0:00:21]} 46. Kd4 {[%emt 0:00:24]} f4 {[%emt 0:00:00]} 47. Ke4 {[%emt 0:00:00]} f3 {[%emt 0:00:00]} 48. Kxf3 {[%emt 0:00:00]} Kf5 {[%emt 0:00:00]} 49. Kg3 {[%emt 0:00:00]} Kxg5 {[%emt 0:00:00]} 50. Kf3 {[%emt 0:00:00]} Kh4 {[%emt 0:00:00]} 51. Kg2 {[%emt 0:00:00]} Kg4 {[%emt 0:00:00]} 0-1

[Event "Balkan Youth Online-ch 2020"]
[Site "Online"]
[Date "2020.10.31"]
[Round "6.8"]
[White "Kuznetsov, Andrei S."]
[Black "Petrovski, Nikola"]
[Result "1-0"]
[WhiteElo "2220"]
[BlackElo "1031"]
[Annotator "TA"]
[PlyCount "71"]
[EventDate "2020.10.31"]
[EventType "swiss"]
[SourceTitle "playchess.com"]
[Source "ChessBase"]
[SourceQuality "1"]

{[%evp 9,71,-24,0,-10,0,-218,-24,-81,-60,-272,-26,-206,-14,-127,-14,0,0,-5,-6,-183,-121,-281,-278,-281,-285,-285,-285,-275,-278,-279,-273,-267,-139,-119,-137,-137,-133,-168,-125,-102,-81,-75,-86,-272,-173,-176,-150,-136,625,624,756,645,1372,1343,5465,1060,2282,769,970,974,1040,1041,1335,1220]} 1. e4 c5 2. Nf3 Nc6 3. Bc4 e6 4. Nc3 Nf6 5. d3 Be7 6. O-O {B30: Sicilian: 2...Nc6 3 Bb5, lines without ...g6.} O-O 7. Be3 $2 (7. Bb5 $11) 7... b6 $2 (7... d5 $19 8. Bb5 d4 9. Bxc6 bxc6) 8. h3 (8. d4 $11 {remains equal.}) 8... Bb7 {Threatens to win with ...d5.} 9. Re1 $2 {[#]} (9. Bg5 $15) 9... d6 $146 ({Black should play} 9... d5 $19 10. Bb3 d4 {[%mdl 64] Double Attack}) ({Predecessor:} 9... d5 10. exd5 exd5 11. Bb3 d4 12. Bxd4 cxd4 13. Ne2 Bb4 14. c3 dxc3 15. bxc3 Ba5 {0-1 (48) Tran,N-Hoang,M Ha Tinh 2000}) 10. a3 $2 (10. Bf4 $11 {and White stays safe.}) 10... h6 $2 (10... d5 $19 11. Bb5 d4 12. Bxc6 Bxc6 13. Bxd4 cxd4) 11. Qe2 (11. Ba2 $11 {keeps the balance.}) 11... Qc7 (11... d5 $17 12. exd5 exd5) 12. Rad1 Rad8 13. Bf4 a6 14. d4 $2 (14. Nb1 $11) 14... cxd4 (14... Nxd4 $19 15. Qd2 b5) 15. Nxd4 $2 (15. Nb1 $17 {might work better.}) 15... Nxd4 $19 16. Rxd4 e5 {[%mdl 64] [#] Double Attack} 17. Rdd1 exf4 18. Bxa6 Bxa6 19. Qxa6 Ra8 20. Qd3 Nd7 (20... Rfc8 $19 21. Qd2 g5) 21. Nd5 $17 Qd8 22. Nxf4 Nc5 23. Qd5 Qd7 24. e5 Rad8 25. Ng6 Rfe8 26. Nxe7+ $2 (26. b4 $17 Ne6 27. Nxe7+ Qxe7 28. exd6) 26... Rxe7 27. exd6 Rxe1+ 28. Rxe1 {And now Re7 would win.} Qxd6 $2 {[%mdl 8192] [#]} (28... Qb7 $17 29. Rd1 Qxd5 30. Rxd5 Ne4) 29. Re8+ $1 $18 {[%mdl 576] Double Attack. White is clearly winning.} Kh7 (29... Rxe8 30. Qxd6) 30. Rxd8 Qxd5 31. Rxd5 {KR-KN} g6 32. f3 Kg7 33. Kf2 {aiming for Rxc5!} Kf6 34. Rd6+ {[%mdl 64] Double Attack} Ke5 35. Rxb6 f5 36. Rxg6 {Av CentiPawn Loss W=-113/B=-177. Weighted=-95/-158} 1-0

[Event "Balkan Youth Online-ch 2020"]
[Site "Online"]
[Date "2020.10.31"]
[Round "6.12"]
[White "Magold, Filip"]
[Black "Lavrencic, Matic"]
[Result "1/2-1/2"]
[WhiteElo "2043"]
[BlackElo "2018"]
[Annotator "TA"]
[PlyCount "192"]
[EventDate "2020.10.31"]
[EventType "swiss"]
[SourceTitle "playchess.com"]
[Source "ChessBase"]
[SourceQuality "1"]

{[%evp 15,192,-7,16,-20,-14,-10,34,-5,0,-7,72,-16,-24,-40,-39,-37,-40,-61,-64,-65,-61,-57,-64,-60,-30,-31,-34,-53,-41,-60,-65,-62,-56,-62,-55,-52,-50,-54,-52,-63,-29,-36,236,-35,29,-42,0,-44,-11,-61,0,-65,-59,-148,-139,-200,-191,-167,-111,-111,-111,-166,-119,-133,-113,-183,-173,-179,-121,-220,-214,-228,-219,-231,-230,-295,-296,-418,-396,-484,-508,-504,-511,-502,-498,-549,-536,-531,-529,-549,-538,-535,-511,-566,-554,-610,-616,-605,-558,-609,-611,-4041,-3750,-1867,-1678,-4189,-1695,-1369,-1086,-3389,-2848,-29974,-1723,-29978,-1634,-1616,-1616,-1259,-1171,-29965,-29967,-29967,-29967,-29979,-29980,-29987,-29983,-29980,-29969,-29969,-29970,-29970,-29970,-29969,-29970,-29972,-29971,-29971,-29972,-29972,-29972,-29972,-29972,-29970,-29972,-29971,-29972,-29983,-29984,-29989,-29985,-29981,-82,-82,-82,-82,-82,-82,-82,-83,-82,-82,-82,-82,-82,-82,-82,-82,-82,-82,-82,-82,-82,-82,-82,-78,-8,-8,-8]} 1. e4 c5 2. Nf3 e6 3. d4 cxd4 4. Nxd4 Nc6 5. Nxc6 bxc6 6. Bd3 d5 7. O-O Nf6 8. Nd2 Be7 9. Qf3 {B40: Sicilian: 2...e6, Unusual lines.} Qc7 {[#]} 10. Re1 $146 ({Predecessor:} 10. h3 Bd6 11. Re1 O-O 12. exd5 cxd5 13. c4 Bb7 14. Qe2 Rfe8 15. b3 e5 16. cxd5 Nxd5 17. Nc4 e4 18. Nxd6 Qxd6 19. Bc4 Re7 {½-½ (19) Vitak,P (2187)-Jurek,J (2368) Imperia 2008}) 10... Nd7 11. exd5 {White is slightly better.} cxd5 12. Nb3 Bd6 (12... O-O $11) 13. h3 (13. Qxd5 $16 Rb8 14. Qh5) 13... Ne5 $36 {[%mdl 2048] Black is pushing.} 14. Bb5+ Bd7 15. Bxd7+ Qxd7 16. Qc3 Rc8 17. Qd4 Rc4 18. Qd1 O-O 19. c3 Qc7 20. Nd4 a6 21. Bf4 {[#]} Nf3+ $1 {[%mdl 512]} 22. Qxf3 {Threatens to win with Bxd6.} Bxf4 23. Rad1 Bd6 24. Qd3 Qb6 25. Re2 Rfc8 26. Qf3 g6 27. g3 R4c7 28. h4 h5 $2 {[%mdl 8192] [#]} (28... Bf8 $15) 29. Rdd2 $2 ({White has to play} 29. Nxe6 $1 $18 {[%mdl 512]} Rb7 (29... fxe6 30. Rxe6) 30. Rxd5) 29... Bc5 (29... Re7 $15) 30. Nb3 (30. g4 $1 $11) 30... Bd6 31. Kg2 a5 32. Qf6 (32. Nd4 $5 {[%cal Rd4e6]} Bc5 33. g4 $11) 32... a4 (32... Bf8 $15) 33. Nd4 (33. Rxe6 $1 $11 fxe6 34. Qxg6+ Kh8 35. Qh6+ Rh7 36. Qf6+ Rg7 37. Qh6+ {[%mdl 64] Double Attack} Rh7 38. Qf6+ Rg7 39. Qh6+ {[%mdl 64] Double Attack} Rh7) 33... Be7 34. Qf3 (34. Qf4 $15) 34... a3 $17 35. bxa3 (35. Qf4 $17 {was necessary.}) 35... Rxc3 $19 {[%mdl 64] Double Attack} 36. Rd3 Rxd3 (36... R3c4 $19 37. Qf4 Qa7) 37. Qxd3 $17 Kg7 38. Qe3 (38. Rc2 $17 Rxc2 39. Nxc2) 38... Qd6 39. a4 Bf6 40. Nb5 (40. a5 $17) 40... Qb4 41. Qb3 Rc4 (41... Be7 $19 42. Qxb4 Bxb4) 42. Qxb4 (42. Na3 $17 {was called for.} Re4 43. Rxe4 Qxe4+ 44. Kg1) 42... Rxb4 {[%mdl 4096] Endgame KRB-KRN} 43. Rc2 Rxa4 44. Rc7 Be5 45. Rc2 Ra5 46. f4 (46. a4 $142 Rxa4 47. f4) 46... Bxf4 $19 (46... Rxb5 $2 47. fxe5 Ra5 48. Kf2 $19) 47. a4 Be5 48. Ra2 Kf6 49. Kf3 Ke7 50. Re2 f6 51. Ra2 Kd7 52. g4 f5 53. gxh5 gxh5 54. Re2 Bf6 55. Rc2 Rxa4 56. Rc7+ Kd8 57. Rh7 Be5 58. Rxh5 Ra5 59. Rh6 Rxb5 60. Rxe6 {KRB-KR} Rb3+ 61. Ke2 Bc7 62. h5 Rh3 63. h6 Bf4 (63... d4 $142 64. Kf2 d3 65. Ra6 Bf4 66. Ra8+ Kd7 67. Ra1 Bxh6 68. Kg2 Rh4 69. Ra7+ Kc6 70. Ra6+ Kb7 71. Ra1 d2 72. Kf3 Rc4 73. Rd1 Rc1 74. Rxd2 Bxd2 75. Ke2 Bg5 76. Kd3 Kc6 77. Ke2 Kd5 78. Kf2 Ke4 79. Kg2 Bf4 80. Kf2 Rc2+ 81. Ke1 Kf3 82. Kf1 Rc1#) 64. Rf6 Bxh6 (64... d4 $142 65. Kf2 d3 66. Rf8+ {[#]} Ke7 $1 {[%mdl 512]} 67. Ra8 Bxh6 68. Ra1 d2 69. Rd1 Rc3 70. Ke2 Rc1 71. Rxd2 Bxd2 72. Kxd2 Rc6 73. Ke3 Ke6 74. Ke2 Ke5 75. Kf3 f4 76. Kg2 Ke4 77. Kf2 f3 78. Kg3 Ke3 79. Kg4 f2 80. Kh4 f1=Q 81. Kg4 Rh6 82. Kg5 Qf4#) 65. Rxf5 Re3+ 66. Kf2 Rd3 67. Rh5 Bc1 68. Rh7 d4 69. Ke2 Rc3 70. Kd1 Be3 71. Ke2 Rc7 72. Rh5 Kd7 73. Kd3 Kc6 74. Ra5 Kb6 75. Ra2 Kb5 76. Rb2+ Ka4 77. Rb8 Ka3 78. Ra8+ Kb2 79. Rb8+ Kc1 80. Rb3 Rc2 81. Rb8 Rc3+ 82. Ke2 Kc2 83. Rd8 Bc1 $2 (83... Bg1 {mates} 84. Kf1 d3 85. Ke1 Be3 86. Rd7 d2+ 87. Ke2 Bf4 88. Rd5 Re3+ 89. Kf1 d1=Q+ 90. Rxd1 Kxd1 91. Kf2 Rg3 92. Kf1 Kd2 93. Kf2 Kd3 94. Ke1 Be3 95. Kf1 Rg1#) 84. Rxd4 $17 Re3+ 85. Kf2 Re7 86. Rd8 Bd2 87. Rf8 Kd1 88. Kf3 Ke1 89. Rh8 {[%cal Rh8h1]} Re3+ 90. Kg4 Re4+ 91. Kf5 Rf4+ 92. Ke5 Rf2 {( -> ...Bc3+)} 93. Ke4 Re2+ 94. Kd3 Re3+ 95. Kd4 Bc3+ ({Better is} 95... Kd1 $17) 96. Kxe3 $11 {[%cal Rh8h1]} Bxh8 {Av CentiPawn Loss W=-57/B=-74. Weighted=-51/-68} 1/2-1/2

[Event "Balkan Youth Online-ch 2020"]
[Site "Online"]
[Date "2020.10.31"]
[Round "6.13"]
[White "Mogirzan, Matei-Valeriu"]
[Black "Ipek, Egehan"]
[Result "1-0"]
[WhiteElo "1813"]
[BlackElo "1723"]
[Annotator "NA RC"]
[PlyCount "55"]
[EventDate "2020.10.31"]
[EventType "swiss"]
[SourceTitle "playchess.com"]
[Source "ChessBase"]
[SourceQuality "1"]

1. e4 c5 2. Nf3 e6 3. d4 cxd4 4. Nxd4 Nc6 5. Nc3 Qc7 6. a3 a6 7. Be3 Nf6 8. f4 d6 9. Qf3 Bd7 10. O-O-O Be7 11. h3 b5 12. g4 Nxd4 13. Bxd4 Bc6 14. g5 Nd7 15. Bd3 Qb7 16. h4 Nc5 17. Bxg7 Rg8 18. Bf6 Rb8 19. Bxe7 Kxe7 20. f5 Rgf8 21. Qg3 e5 22. b4 Nxe4 23. Bxe4 Bxe4 24. Rhe1 Bxf5 25. Rxd6 Be6 26. Qxe5 Rbe8 27. Nd5+ Qxd5 28. Qxd5 1-0

[Event "Balkan Youth Online-ch 2020"]
[Site "Online"]
[Date "2020.10.31"]
[Round "6.14"]
[White "Milanovic, Marko"]
[Black "Tsarsitalidis, Christos"]
[Result "1-0"]
[WhiteElo "2066"]
[BlackElo "1786"]
[Annotator "TA"]
[PlyCount "151"]
[EventDate "2020.10.31"]
[EventType "swiss"]
[SourceTitle "playchess.com"]
[Source "ChessBase"]
[SourceQuality "1"]

1. e4 c6 2. Nf3 d5 3. Nc3 dxe4 4. Nxe4 Nf6 5. Qe2 Nxe4 6. Qxe4 Qd5 7. Qh4 Bf5 8. Bc4 Qd6 9. d3 e6 10. O-O Be7 11. Bg5 Bxg5 12. Qxg5 Bg6 13. Rae1 Nd7 14. h4 Nf6 15. Ne5 O-O-O 16. Qe3 Kb8 17. g4 Qd4 18. Qg3 Ka8 19. h5 Bxh5 20. gxh5 Nxh5 21. Qg4 Qxg4+ 22. Nxg4 Nf4 23. Ne5 Rdf8 24. Kh2 f6 25. Nd7 Rd8 26. Nc5 e5 27. Ne6 Nxe6 28. Bxe6 Rd6 29. Bb3 g5 30. Rh1 h5 31. Kg2 h4 32. f3 Kb8 33. Re4 Kc7 34. Kh3 Rf8 35. a4 Kd8 36. Bc4 Ke7 37. c3 c5 38. Rd1 Rfd8 39. Rg1 Kf8 40. b4 cxb4 41. cxb4 Kg7 42. Rxh4 Kg6 43. Re4 Rh8+ 44. Kg2 Rh5 45. Rh1 Rxh1 46. Kxh1 Rd7 47. Kg2 a6 48. Re1 Rd4 49. b5 axb5 50. axb5 Rd6 51. Rh1 Kg7 52. Ra1 Kg6 53. Ra8 Kf5 54. Kg3 Rd4 55. Rb8 Rd7 56. Re8 Kg6 57. Rg8+ Kf5 58. Rc8 Kg6 59. Rc5 Kf5 60. Bd5 Kg6 61. Bc4 Kf5 62. Rd5 Rc7 63. Rd6 Kg6 64. Be6 Re7 65. Bg4 Rc7 66. Rd7 Rxd7 67. Bxd7 b6 68. Kg4 Kf7 69. Kf5 Ke7 70. Bc6 Kf7 71. Bd5+ Ke7 72. Be6 Kd6 73. Kxf6 Kc5 74. Bc4 Kd4 75. Kxg5 Ke3 76. Kg4 1-0

[Event "Balkan Youth Online-ch 2020"]
[Site "Online"]
[Date "2020.10.31"]
[Round "6.15"]
[White "Boeru, Dragos-Matei"]
[Black "Papaioannou, Dimitrios"]
[Result "0-1"]
[WhiteElo "1756"]
[BlackElo "1924"]
[Annotator "TA"]
[PlyCount "110"]
[EventDate "2020.10.31"]
[EventType "swiss"]
[SourceTitle "playchess.com"]
[Source "ChessBase"]
[SourceQuality "1"]

1. e4 c5 2. Nc3 Nc6 3. f4 g6 4. Nf3 Bg7 5. g3 d6 6. Bg2 e6 7. d3 Nh6 8. h3 O-O 9. O-O b6 10. g4 f5 11. exf5 gxf5 12. g5 Nf7 13. Nh4 d5 14. Qh5 Nh8 15. Bd2 Nd4 16. Rac1 Bd7 17. Nf3 Nc6 18. Rce1 Ng6 19. Nh2 Nd4 20. Qd1 b5 21. Nf3 b4 22. Ne2 Nxe2+ 23. Qxe2 Bxb2 24. h4 Qc7 25. Ne5 Bxe5 26. fxe5 Nxh4 27. Qh5 Nxg2 28. Kxg2 Be8 29. Qh6 Bg6 30. Qh4 a5 31. Qf4 c4 32. d4 c3 33. Be3 Qc4 34. Rh1 Qxa2 35. Re2 Qc4 36. Kf3 a4 37. Rh6 Qc7 38. Reh2 a3 39. Qh4 Qg7 40. Rh1 f4 41. Bxf4 Be4+ 42. Kg3 Bxh1 43. Qxh1 a2 44. Qa1 Qf7 45. Rf6 Qg7 46. Rxe6 Rf5 47. Rf6 Rxf6 48. exf6 Qg6 49. Kg4 Qxc2 50. f7+ Kxf7 51. Qh1 Qe2+ 52. Kg3 Qe4 53. Qh5+ Kg8 54. Qh6 a1=Q 55. Qd6 Qg1+ 0-1

[Event "Balkan Youth Online-ch 2020"]
[Site "Online"]
[Date "2020.10.31"]
[Round "6.16"]
[White "Markosek, Bine"]
[Black "Pehlivan, Mert"]
[Result "1-0"]
[WhiteElo "1287"]
[BlackElo "1653"]
[Annotator "NA RC"]
[PlyCount "155"]
[EventDate "2020.10.31"]
[EventType "swiss"]
[SourceTitle "playchess.com"]
[Source "ChessBase"]
[SourceQuality "1"]

1. e4 c5 2. Nf3 e6 3. Bc4 a6 4. a4 Nc6 5. O-O Qc7 6. d3 Nf6 7. Qe2 d6 8. Bf4 e5 9. Bg3 Bg4 10. c3 h5 11. h3 Bxf3 12. Qxf3 Be7 13. Bh4 Na5 14. Nd2 Nxc4 15. Nxc4 O-O-O 16. b4 Kb8 17. b5 Rdg8 18. bxa6 bxa6 19. Rfb1+ Ka7 20. Rb2 g5 21. Bg3 g4 22. Qf5 h4 23. hxg4 hxg3 24. g5 gxf2+ 25. Kxf2 Rxg5 26. Qf3 Rh2 27. Rab1 Rgxg2+ 28. Qxg2 Rxg2+ 29. Kxg2 d5 30. Na5 Bd8 31. Rb7+ Qxb7 32. Nxb7 Bb6 33. Nd6 dxe4 34. Nxe4 Nxe4 35. dxe4 Ba5 36. c4 Bb4 37. Rf1 Kb6 38. Rxf7 Ka5 39. Rf6 Bc3 40. Rc6 Bd4 41. Kf3 Kxa4 42. Rxa6+ Kb3 43. Rc6 Kxc4 44. Ke2 Kb3 45. Kd3 Kb4 46. Rb6+ Ka5 47. Rb1 Ka6 48. Kc4 Ka7 49. Rb5 Ka6 50. Rxc5 Kb6 51. Rd5 Kc6 52. Rd8 Kc7 53. Rh8 Kd7 54. Kd5 Ke7 55. Rh6 Bb2 56. Rh7+ Kf6 57. Rb7 Bd4 58. Rb1 Ke7 59. Rf1 Bc3 60. Rf5 Kd7 61. Rf7+ Ke8 62. Ke6 Bd4 63. Rh7 Kd8 64. Rh1 Kc7 65. Rc1+ Kd8 66. Rc6 Bb2 67. Ra6 Bd4 68. Ra8+ Kc7 69. Ke7 Kc6 70. Rc8+ Kb5 71. Kd6 Kb6 72. Re8 Kb7 73. Rxe5 Bxe5+ 74. Kxe5 Kc7 75. Ke6 Kd8 76. Kf7 Kd7 77. e5 Kd8 78. e6 1-0